Postmodernism or the cultural logic of late capitalism / (Record no. 17868)

MARC details
000 -LEADER
fixed length control field 00747 aa a2200193 4500
008 - FIXED-LENGTH DATA ELEMENTS--GENERAL INFORMATION
fixed length control field 081021t xxu||||| |||| 00| 0 eng d
010 ## - LIBRARY OF CONGRESS CONTROL NUMBER
LC control number ENG-84563
020 ## - INTERNATIONAL STANDARD BOOK NUMBER
International Standard Book Number 8190340328
020 ## - INTERNATIONAL STANDARD BOOK NUMBER
Terms of availability 495.00 (pbk)
035 ## - SYSTEM CONTROL NUMBER
System control number EN-68096
082 ## - DEWEY DECIMAL CLASSIFICATION NUMBER
Classification number 809.91
245 ## - TITLE STATEMENT
Title Postmodernism or the cultural logic of late capitalism /
Statement of responsibility, etc edited by Fredric Jameson
260 ## - PUBLICATION, DISTRIBUTION, ETC. (IMPRINT)
Place of publication, distribution, etc New Delhi
Name of publisher, distributor, etc ABS Publishers and Distributors
Place of manufacture E-9, Jungpura Ext., New Delhi-110014
260 ## - PUBLICATION, DISTRIBUTION, ETC. (IMPRINT)
Date of publication, distribution, etc 2006
300 ## - PHYSICAL DESCRIPTION
Extent xxii,438p
Dimensions 23cm
700 ## - ADDED ENTRY--PERSONAL NAME
Personal name Jameson, Fredric
Titles and other words associated with a name ed
942 ## - ADDED ENTRY ELEMENTS (KOHA)
Source of classification or shelving scheme Dewey Decimal Classification
Koha item type English Books
Classification part 809.91
Call number suffix POS
Holdings
Withdrawn status Lost status Source of classification or shelving scheme Damaged status Not for loan Home library Current library Date acquired Cost, normal purchase price Total Checkouts Full call number Barcode Date last seen Copy number Cost, replacement price Price effective from Koha item type
    Dewey Decimal Classification   Not For Loan D.B.Act.Division D.B.Act.Division 08/03/2007 495.00   809.91 POS EN-68096 04/11/2008 1 495.00 04/11/2008 English Books

© Delhi Public Library
Hit Counter
free hit counter